000 00404nam a22001577a 4500
005 20230118105959.0
008 190427b xxu||||| |||| 00| 0 eng d
020 _a978-93-5164-675-4
041 _aeng
100 _aSAYARE, DR. A.S. AND OTHERS
_94953
245 _aPHARMACEUTICAL ANALYSIS IV
260 _aPUNE
_bNIRALI PRAKASHAN
300 _aB.1 p,
650 _aPHARMACY
_xD.PHARMA
_97090
942 _cBK
999 _c5835
_d5833